| 000 | 01084nam a22002777a 4500 | ||
|---|---|---|---|
| 001 | 79507 | ||
| 003 | BD-RjUL | ||
| 005 | 20220511110751.0 | ||
| 008 | 220307s2004 bg a|||| m||| 00| 0 eng d | ||
| 035 | _a(BD-RjUL)79507 | ||
| 040 |
_aBD-RjUL _beng _cBD-RjUL _dBD-RjUL |
||
| 041 | _aeng | ||
| 082 |
_223 _a338.634 _bHAP 2004 |
||
| 100 |
_aHassan, Molla Mahmud _91728 |
||
| 245 | 1 | 0 |
_aProblems and prospects of employment and income generation in the cottage industry sub-sector in Bangladesh / _cBy Molla Mahmud Hassan ; _6Supervisor: M. Zainul Abedin |
| 260 |
_aRajshahi : _bInstitute of Bangladesh Studies, Rajshahi University, _c2004 |
||
| 300 |
_axxi, 266 leaves : _bill, ; _c29.cm. |
||
| 502 | _aThesis (Ph. D.) -- Institute of Bangladesh Studies, Rajshahi University, 2004 | ||
| 504 | _aBibliography : Leaves [237] - 250 | ||
| 600 |
_y _92910 |
||
| 650 |
_aCottage industries _zBangladesh. _92911 |
||
| 650 |
_aUnemployment _zBangladesh. _92912 |
||
| 650 |
_aSmall business _zBangladesh. _92687 |
||
| 700 |
_aAbedin, M. Zainul, Supervisor _91323 |
||
| 942 |
_2ddc _cTHE |
||
| 999 |
_c79507 _d79507 |
||